Logo Biblioteca

Física / (Registro nro. 378)

Detalles MARC
000 -LEADER
fixed length control field 00643nam a22002057a 4500
003 - CONTROL NUMBER IDENTIFIER
control field OSt
005 - DATE AND TIME OF LATEST TRANSACTION
control field 20241115121839.0
008 - FIXED-LENGTH DATA ELEMENTS--GENERAL INFORMATION
fixed length control field 241115s2007 mx ||||| |||| 00| 0 spa d
020 ## - INTERNATIONAL STANDARD BOOK NUMBER
International Standard Book Number 9789702608516
040 ## - CATALOGING SOURCE
Transcribing agency besoc
100 1# - MAIN ENTRY--PERSONAL NAME
Personal name Wilson, Jerry D.,
Relator term autor
245 10 - TITLE STATEMENT
Title Física /
Statement of responsibility, etc. Jerry D. Wilson, Anthony J. Buffa, Bo Lou
250 ## - EDITION STATEMENT
Edition statement 6a ed.
260 ## - PUBLICATION, DISTRIBUTION, ETC.
Place of publication, distribution, etc. México :
Name of publisher, distributor, etc. Pearson,
Date of publication, distribution, etc. 2007
300 ## - PHYSICAL DESCRIPTION
Extent 818 p.
505 ## - FORMATTED CONTENTS NOTE
Formatted contents note Mecánica -- Termodinámica -- Oscilaciones y movimiento ondulatorio -- Electricidad y magnetismo -- Óptica -- Apéndices.-
700 1# - ADDED ENTRY--PERSONAL NAME
Personal name Buffa, Anthony J.,
Relator term autor
700 1# - ADDED ENTRY--PERSONAL NAME
Personal name Lou, Bo,
Relator term autor
942 ## - ADDED ENTRY ELEMENTS (KOHA)
Source of classification or shelving scheme Universal Decimal Classification
Koha item type Libro de préstamo a domicilio
Suppress in OPAC No
Existencias
Withdrawn status Lost status Source of classification or shelving scheme Damaged status Not for loan Collection Home library Current library Date acquired Total checkouts Full call number Barcode Date last seen Price effective from Koha item type
    Universal Decimal Classification     Colección General Biblioteca Escuela de Ciencias Sociales Biblioteca Escuela de Ciencias Sociales 15/11/2024   53 W746 001277 15/11/2024 15/11/2024 Libro de préstamo a domicilio
Biblioteca de la Escuela Preuniversitaria en Ciencias Sociales y Humanísticas.
Riobamba 250 bis.
CP 2000 - Rosario - Santa Fe
E-Mail: biblioteca@esociales.unr.edu.ar